000 00658nam a2200241Ia 4500
003 OSt
005 20220918181729.0
006 a|||||r|||| 00| 0
007 ta
008 220917b |||||||| |||| 00| 0 eng d
024 _a28,275
037 _cTextual
040 _aARTS
_cARTS
_beng
041 _2eng
_aeng
082 _aO111,1N341:g, N4
100 _aNabar Vrinda
_959116
245 0 _aEndless female hungers
_b a study of Kamala Das
260 _an.Delhi
_bsterling Pub
_c1994
300 _ax,109p.
_ccm.
650 _aENGLISH LITERATURE
942 _hO111,1N341:g, N4
_cTEXL
_2CC
999 _c166618
_d166618